Catálogo
 En Linea

Evaluación de proyectos de inversión en la empresa / (Registro nro. 39292)

Detalles MARC
000 -CABECERA
campo de control de longitud fija 00521nam a2200157 a 4500
001 - NÚMERO DE CONTROL
campo de control 000039802
005 - FECHA Y HORA DE LA ÚLTIMA TRANSACCIÓN
campo de control 20201002033737.0
008 - DATOS DE LONGITUD FIJA--INFORMACIÓN GENERAL
campo de control de longitud fija 130722s2001 ag ad 000 0 spa d
020 ## - NÚMERO INTERNACIONAL ESTÁNDAR DEL LIBRO
Número Internacional Estándar del Libro 9879460197
040 ## - FUENTE DE LA CATALOGACIÓN
Centro catalogador/agencia de origen DO-SdBNP
Lengua de catalogación spa
Centro/agencia transcriptor BNPHU
082 ## - NÚMERO DE LA CLASIFICACIÓN DECIMAL DEWEY
Número de clasificación xxx
100 1# - ENTRADA PRINCIPAL--NOMBRE DE PERSONA
Nombre de persona Sapag Chain, Nassir,
Fechas asociadas al nombre 1950-
9 (RLIN) 65998
245 10 - MENCIÓN DE TÍTULO
Título Evaluación de proyectos de inversión en la empresa /
Mención de responsabilidad, etc. Nassir Sapag Chain.
260 ## - PUBLICACIÓN, DISTRIBUCIÓN, ETC.
Lugar de publicación, distribución, etc. Buenos Aires, Argentina :
Nombre del editor, distribuidor, etc. Prentice Hall,
-- Pearson Educations,
Fecha de publicación, distribución, etc. 2001.
300 ## - DESCRIPCIÓN FÍSICA
Extensión 412 p. :
Otras características físicas il., diagrs. ;
Dimensiones 24 cm.
Existencias
Estado de retiro Estado de pérdida Restricciones de uso No para préstamo Código de colección Localización permanente Ubicación/localización actual Ubicación en estantería Fecha de adquisición Número de inventario Total de préstamos Signatura topográfica completa Código de barras Fecha visto por última vez Precio válido a partir de Tipo de ítem Koha
      Excluido de préstamo Monografías: Libros y Folletos General General En catalogación 22.07.2013 LF1   xxx 39802-10 25.06.2020 25.06.2020 No se presta

Con tecnología Koha